000 00903nam a22002297a 4500
999 _c4748
_d4748
003 AR-CdUCM
008 190311b ||||| |||| 00| 0 spa d
040 _aMUNICIPALIDAD PROVINCIAL DEL CUSCO
_cBIBLIOTECA MUNICIPAL DEL CUSCO
082 _a301.5 /
_bB38
100 _aBennett, Edward
_914696
245 _aFactores humanos en la tecnología moderna /
260 _aMexico :
_bContinental,
_c1965.
300 _a788 páginas ;
_bimágenes.
_c23 cm.
505 _aFactores humanos en ambientes atípicos -- Factores humanos en espacio de trabajo y en el diseño de ropa -- Factores humanos en la seguridad de las carreteras -- Factores humanos en la suplementación sensorial...
650 _aDesarrollo.
_92021
650 _aFactor humano.
_97817
650 _aFunciones humanas.
_914697
700 _aDegan, James
_914698
700 _aSpiegel, Joseph
_914699
942 _2ddc
_cLIBROS
945 _awfj